000
00326nam a2200169Ia 4500
100
_a
Dhanjani/Nitesh
650
_a
Hacking
942
_c
BK
366
_f
20
654
_a
hacking
245
_a
Hacking:The Next Generation
260
_b
SPD
_c
2017
082
_b
DHA
300
_a
279
546
_a
ENGLISH
999
_c
26640
_d
26640